000 00267pam a2200133 a 4500
020 _c
041 _h
100 _aDr. V. S. Phadake
245 _aGeography Stad VIII
_hTextual Documents
260 _c1994
300 _a59
653 _aGeography
930 _a1108
999 _c246961
_d246961